000 00212nam a22001097a 4500
082 _a158
_bAMI/I
100 _aAMISH
245 _aIMMORTAL INDIA
300 _a188
650 _aPERSONALITY DEVELOPMENT
942 _cBK
999 _c5186
_d5186